Riconosci il Pokémon - Quiz n°577 - Statistics

Statistiche generali
  • Questo quiz è stato fatto 1 volte
  • Il punteggio medio è 2 su 10
Statistiche sulle risposte
Indizio Risposta % Corretto
Tipo Acqua
100%
Generazione Quarta
100%
Altezza 0,4 m
0%
Tasso di cattura 190 (35.2%)
0%
Sesso 50% ♂, 50% ♀
0%
Peso 7,0 kg
0%
Pokémon Finneon
0%
Stadio evoluzione Forma Base
0%
Tasso di allevamento Irregolare
0%
Abilità Nuotovelox; Acquascolo; Idrovelo
0%
Nessun quiz corrispondente trovato
Distribuzione punteggi
Percentuale di utenti per punteggio
Percentile per numero di risposta
I tuoi punteggi nel tempo
Non hai fatto questo quiz